Evénements du 23 février - Statistiques

Statistiques générales
  • Ce quiz a été pris 31 fois
  • Le résultat moyen est 6 sur 15
Statistiques - réponses
Hint Réponse % Correct
Enlèvement d'Ingrid Betancourt 2002
93%
Publication de la Bible de Gutenberg 1455
89%
Zola est condamné pour avoir publié J'accuse 1898
64%
Naissance du guitariste Louis Bertignac
1954
57%
Naissance du publicitaire Jacques Séguéla ET Léopold III devient roi des Belges 1934
54%
Coup d'état du parti Baas en Syrie 1966
54%
Mort de Paul Claudel 1955
32%
Début du siège de Fort Alamo 1836
29%
Mort de Stan Laurel, acteur 1965
29%
Dépôt du brevet du moteur Diesel 1893
25%
Naissance de l'hôtelier Ritz 1850
21%
Fondation du Rotary Club 1905
21%
Mort du poète britannique John Keats 1821
18%
Naissance du dessinateur Hansi 1873
18%
Mort de JB Clément auteur du Temps des cerises 1903
18%
Aucun quiz correspondant
Distribution des résultats
% des personnes avec chaque résultat
Percentile par nombre de réponses
Votre historique - résultats
Vous n’avez pas pris ce quiz